[Event "Chess House GM"]
[Site "Aarhus"]
[Date "2015.02.08"]
[Round "2"]
[White "Svane, Rasmus"]
[Black "Teplyi, Igor"]
[Result "1-0"]
[WhiteElo "2512"]
[BlackElo "2389"]
[PlyCount "131"]
[EventDate "2015.02.07"]
[EventType "tourn"]
[EventRounds "9"]
[EventCountry "DEN"]
[EventCategory "9"]
[SourceTitle "CBM 164 Extra"]
[Source "ChessBase"]
[SourceDate "2015.03.02"]

1. d4 d5 2. c4 c6 3. Nf3 Nf6 4. Nc3 a6 5. c5 g6 6. h3 Bg7 7. Bf4 Bf5 8. e3 Nbd7
9. Qb3 Qc8 10. Be2 O-O 11. O-O Ne4 12. Rfd1 h6 13. Bh2 Re8 14. Rac1 e5 15. Na4
exd4 16. Nxd4 Bf8 17. Nxf5 gxf5 18. Qc2 Qd8 19. Bf4 Qf6 20. Bd3 Ne5 21. a3 Rad8
22. b4 Bg7 23. Nb6 Re7 24. f3 Nxd3 25. Rxd3 Ng5 26. Rcd1 Qg6 27. Kh1 Rde8 28.
Qf2 Qh5 29. Na4 Re6 30. Qf1 Qh4 31. Kh2 Rg6 32. Nc3 Ne6 33. g3 Qe7 34. Bd6 Qf6
35. Ne2 h5 36. h4 Bh6 37. Qf2 Kh7 38. Ng1 Reg8 39. Ne2 Re8 40. Rf1 Rgg8 41. Ng1
d4 42. f4 dxe3 43. Rxe3 Ng7 44. Be5 Qg6 45. Rd1 f6 46. Rd6 Re6 47. Rxe6 Nxe6
48. Bd6 Re8 49. Qe1 Qf7 50. Nf3 Ng7 51. Rxe8 Nxe8 52. Qe7 Kg6 53. Qxf7+ Kxf7
54. Nd4 Nxd6 55. cxd6 Bf8 56. d7 Be7 57. Nxf5 Ke6 58. Nxe7 Kxe7 59. g4 Kxd7 60.
g5 fxg5 61. fxg5 b5 62. Kg3 c5 63. g6 Ke7 64. bxc5 a5 65. c6 b4 66. g7 1-0

[Event "Chess House GM"]
[Site "Aarhus"]
[Date "2015.02.10"]
[Round "5"]
[White "Teplyi, Igor"]
[Black "Carlstedt, Jonathan"]
[Result "1/2-1/2"]
[WhiteElo "2389"]
[BlackElo "2444"]
[PlyCount "73"]
[EventDate "2015.02.07"]
[EventType "tourn"]
[EventRounds "9"]
[EventCountry "DEN"]
[EventCategory "9"]
[SourceTitle "CBM 164 Extra"]
[Source "ChessBase"]
[SourceDate "2015.03.02"]

1. Nf3 Nf6 2. g3 d5 3. Bg2 Bg4 4. c4 Bxf3 5. Bxf3 c6 6. cxd5 cxd5 7. Qb3 Qd7 8.
Nc3 e6 9. d4 Nc6 10. e3 Bd6 11. O-O O-O 12. Bd2 Na5 13. Qc2 Nc4 14. Rfc1 Rfc8
15. Be1 Rc7 16. b3 Nb6 17. a4 Rac8 18. a5 Na8 19. Qb2 Bb4 20. a6 bxa6 21. Rxa6
Ne4 22. Bxe4 dxe4 23. Raa1 Bxc3 24. Rxc3 Nb6 25. Rxc7 Rxc7 26. Ba5 h5 27. Bxb6
axb6 28. Qa3 Kh7 29. Qa8 Rc6 30. Kg2 Qd5 31. Qb7 Kg6 32. Ra7 Qf5 33. Qxc6 Qf3+
34. Kg1 Qd1+ 35. Kg2 Qf3+ 36. Kg1 Qd1+ 37. Kg2 1/2-1/2

[Event "Chess House GM"]
[Site "Aarhus"]
[Date "2015.02.10"]
[Round "5"]
[White "Trent, Lawrence"]
[Black "Donchenko, Alexander"]
[Result "1/2-1/2"]
[WhiteElo "2470"]
[BlackElo "2552"]
[PlyCount "118"]
[EventDate "2015.02.07"]
[EventType "tourn"]
[EventRounds "9"]
[EventCountry "DEN"]
[EventCategory "9"]
[SourceTitle "CBM 164 Extra"]
[Source "ChessBase"]
[SourceDate "2015.03.02"]

1. e4 c6 2. Ne2 d5 3. e5 d4 4. c3 c5 5. b4 d3 6. Nf4 c4 7. e6 Qc7 8. Qf3 Nf6 9.
Na3 fxe6 10. g3 Qe5+ 11. Qe3 Qxe3+ 12. fxe3 e5 13. Nh3 Be6 14. Ng5 Bd5 15. e4
Nxe4 16. Bg2 Nxc3 17. Bxd5 Nxd5 18. Nxc4 Nd7 19. Bb2 Rc8 20. Rc1 N5b6 21. Na5
Rxc1+ 22. Bxc1 e6 23. a3 Be7 24. Nxe6 Kf7 25. Nc7 Rc8 26. O-O+ Nf6 27. Nb5 a6
28. Nc3 Rc7 29. Bb2 Kg6 30. Re1 Kf5 31. Re3 e4 32. g4+ Nxg4 33. Rxe4 Bf6 34.
Re8 Bd4+ 35. Kf1 Nxh2+ 36. Kg2 Ng4 37. Rd8 Rd7 38. Rxd7 Nxd7 39. Nxb7 Nge5 40.
Nd1 Bxb2 41. Nxb2 h5 42. a4 h4 43. Nd1 Nc4 44. Nf2 Nde5 45. Nc5 Nxd2 46. b5
axb5 47. axb5 Ndc4 48. Ncxd3 Nf7 49. Ne1 Nfe5 50. Nc2 g5 51. Nd4+ Kg6 52. Ne6
Kf6 53. Nd4 Kg6 54. Ne6 Kf6 55. Nd4 Ne3+ 56. Kh3 Nd5 57. Ng4+ Nxg4 58. Kxg4 Kg6
59. b6 Nxb6 1/2-1/2